<?xml version="1.0" encoding="UTF-8"?><?xml-stylesheet type="text/xsl" href="static/style.xsl"?><OAI-PMH xmlns="http://www.openarchives.org/OAI/2.0/" xmlns:xsi="http://www.w3.org/2001/XMLSchema-instance" xsi:schemaLocation="http://www.openarchives.org/OAI/2.0/ http://www.openarchives.org/OAI/2.0/OAI-PMH.xsd"><responseDate>2026-04-14T19:31:26Z</responseDate><request verb="GetRecord" identifier="oai:uvadoc.uva.es:10324/16092" metadataPrefix="marc">https://uvadoc.uva.es/oai/request</request><GetRecord><record><header><identifier>oai:uvadoc.uva.es:10324/16092</identifier><datestamp>2025-01-29T07:42:59Z</datestamp><setSpec>com_10324_30605</setSpec><setSpec>com_10324_894</setSpec><setSpec>col_10324_41</setSpec></header><metadata><record xmlns="http://www.loc.gov/MARC21/slim" xmlns:doc="http://www.lyncode.com/xoai" xmlns:xsi="http://www.w3.org/2001/XMLSchema-instance" xmlns:dcterms="http://purl.org/dc/terms/" xsi:schemaLocation="http://www.loc.gov/MARC21/slim http://www.loc.gov/standards/marcxml/schema/MARC21slim.xsd">
<leader>00925njm 22002777a 4500</leader>
<datafield tag="042" ind1=" " ind2=" ">
<subfield code="a">dc</subfield>
</datafield>
<datafield tag="720" ind1=" " ind2=" ">
<subfield code="a">Gómez Díez, Andrés</subfield>
<subfield code="e">author</subfield>
</datafield>
<datafield tag="260" ind1=" " ind2=" ">
<subfield code="c">2015</subfield>
</datafield>
<datafield tag="520" ind1=" " ind2=" ">
<subfield code="a">Desde una perspectiva y una metodología sociológicas, esta tesis pretende contribuir a ampliar la reflexión teórica y el conocimiento empírico sobre la RSE. El objetivo ha sido doble: revisar y cuestionar el propio concepto de RSE, proponiendo para él nuevas líneas teóricas de avance, y analizar empíricamente los modos de implementación real de la RSE en el mundo de la empresa, mostrando evidencia sobre el estado de desarrollo en que ésta se encuentra en el contexto empresarial de Castilla y León.  &#xd;
La RSE es una noción y un conjunto de prácticas en construcción. Se aportan elementos teóricos para un nuevo enfoque de RSE desde la función de innovación de la empresa, incorporando en ella los paradigmas ecológico y de la justicia social. La investigación empírica, por su parte, muestra cómo la RSE es algo aún incipiente en la mayoría de las empresas y cómo la crisis económica (en el periodo 2008-2014) ha reducido la orientación filantrópica de la RSE, acentuando un mayor enfoque de gestión interna ligado al objetivo de rentabilidad, en especial en la gran empresa.</subfield>
</datafield>
<datafield tag="024" ind2=" " ind1="8">
<subfield code="a">http://uvadoc.uva.es/handle/10324/16092</subfield>
</datafield>
<datafield tag="024" ind2=" " ind1="8">
<subfield code="a">b1712241</subfield>
</datafield>
<datafield tag="024" ind2=" " ind1="8">
<subfield code="a">10.35376/10324/16092</subfield>
</datafield>
<datafield ind1=" " ind2=" " tag="653">
<subfield code="a">Empresas-Responsabilidad social-España-Castilla y León</subfield>
</datafield>
<datafield ind1=" " ind2=" " tag="653">
<subfield code="a">Empresas-Beneficio-España-Castilla y León</subfield>
</datafield>
<datafield ind1=" " ind2=" " tag="653">
<subfield code="a">Crisis económicas-Siglo XXI-España</subfield>
</datafield>
<datafield tag="245" ind1="0" ind2="0">
<subfield code="a">Responsabilidad social empresarial: innovación y crisis económica:  análisis teórico y contraste empírico en empresas de Castilla y León</subfield>
</datafield>
</record></metadata></record></GetRecord></OAI-PMH>